San Francisco 49ers Trivia - Statistics

General Stats
  • This quiz has been taken 79 times
  • The average score is 10 of 18
Answer Stats
Hint Answer % Correct
Receiver Jerry Rice
97%
Passer Joe Montana
96%
How many Super Bowls did Joe Montana lose? 0
84%
QB who kneeled during National Anthem Colin Kaepernick
84%
Rusher Frank Gore
82%
How many yards was the Catch? 6
78%
Interceptor Ronnie Lott
74%
Winningest Coach Bill Walsh
68%
Tackler Patrick Willis
59%
Receiver overthrown in Super Bowl 54? Emmanuel Sanders
54%
2019 13-3
44%
2016 2-14
38%
2021 10-7
35%
2018 4-12
35%
2020 6-10
32%
2017 6-10
32%
Who is 0-4 in the playoffs against them? Aaron Rodgers
28%
Who did Joe Montana see in the stands before his game winning Super Bowl drive? John Candy
26%
No matching quizzes found
Score Distribution
Percent of People with Each Score
Percentile by Number Answered
Your Score History
You have not taken this quiz